000 00670nam a2200289Ia 4500
005 20260324134211.0
008 008 260324s9999 xx 000 0 eng d
020 _a9780429305917
037 _aEBOOK
040 _aCRL
040 _beng
040 _cCRL
041 _2eng
041 _aeng
084 _qCRL
100 _aAndrea Lynn
_91195946
245 0 _aShadow Lovers UK Edition
245 4 _bThe Last Affairs Of H.g.wells
260 _bTaylor and Francis
260 _c2002
365 _a
365 _b230
856 _uhttp://www.taylorfrancis.com/books/9780429305917
942 _cEBOOK
999 _c1795747
_d1795747